| 000 | 00000nam##2200000za#4500 |
| 001 | 9.642111 |
| 003 | CaOODSP |
| 005 | 20210624223539 |
| 007 | cr ||||||||||| |
| 008 | 150407|1996||||xxc|||||o f|0| 0 fre|d |
| 040 | |aCaOODSP|bfre |
| 043 | |an-cn--- |
| 086 | 1 |aRH64-62/1996F-PDF |
| 110 | 1 |aCanada.|bDéveloppement des ressources humaines Canada. |bPolitique stratégique. |
| 245 | 10|aEmploi et politique du marché du travail : |h[ressource électronique]|bsurvol stratégique des recherches à portée internationale / |c[par] Martin Browning, Stephen Jones, et Peter Kuhn. |
| 260 | |aOttawa - Ontario : |bDéveloppement des ressources humaines Canada. |cFévrier 1996. |
| 300 | |a64p.|btableaux |
| 504 | |aBibliographie. |
| 590 | |a13-16-Supp|b2013-07-12 |
| 691 | 07|aEmploi|2gcpds |
| 691 | 07|aMarché du travail|2gcpds |
| 691 | 07|aPolitique gouvernementale|2gcpds |
| 775 | 08|tJobs and labour market policy : |w(CaOODSP)9.698118 |
| 856 | 40|ahttp://publications.gc.ca|qPDF|s284 Ko|uhttps://publications.gc.ca/collections/collection_2013/rhdcc-hrsdc/RH64-62-1996-fra.pdf |
| 986 | |aSP-AH014F-04-96 |